| 000 | 00708cam a22002292 4500 | ||
|---|---|---|---|
| 001 | 0000005169 | ||
| 005 | 20151217151954.0 | ||
| 008 | 070607s xx 000 0 eng d | ||
| 020 |
_a8178080869 : _cKES 820 |
||
| 040 |
_aKABU _cKABU |
||
| 050 | 0 |
_aTK5105.5 _b.C66 1998 |
|
| 100 | 1 |
_aComer, Douglas E. _@0000156314 |
|
| 245 | 1 | 0 |
_aComputer networks and internets / _cDouglas E. Comer. |
| 250 | _a2nd ed. | ||
| 260 |
_aDelhi : _bPearson Education, _cc1998. |
||
| 300 |
_axxiii, 578 p. ; _c24 cm. |
||
| 650 | 0 |
_aComputer networks. _@0000148214 |
|
| 650 | 0 |
_aInternetworking (Telecommunication) _@0000156315 |
|
| 908 | _a070607 | ||
| 950 | _@1 | ||
| 999 |
_c6884 _d6884 |
||